Stratégia projektovo orientovanej podpory regionálneho rozvoja Slovenskej republiky (kritická analýza)
Súčasný stav efektívnosti využívania stratégie projektovo orientovanej podpory regionálneho rozvoja. Kľúčové problémy, ktoré pri tejto forme podpory rozvoja nastávajú. Prípadová štúdia Banskobystrického regiónu.
Enregistré dans:
| Auteur principal: | |
|---|---|
| Format: | Chapitre de livre |
| Langue: | slovaque |
| Sujets: | |
| Tags: |
Pas de tags, Soyez le premier à ajouter un tag!
|
MARC
| LEADER | 00000naa a2200000 4500 | ||
|---|---|---|---|
| 001 | 0145972 | ||
| 005 | 20240513083335.2 | ||
| 041 | 0 | |a slo | |
| 044 | |a SK | ||
| 245 | 1 | 0 | |a Stratégia projektovo orientovanej podpory regionálneho rozvoja Slovenskej republiky (kritická analýza) |c Miroslav Šipikal |
| 520 | |a Súčasný stav efektívnosti využívania stratégie projektovo orientovanej podpory regionálneho rozvoja. Kľúčové problémy, ktoré pri tejto forme podpory rozvoja nastávajú. Prípadová štúdia Banskobystrického regiónu. | ||
| 610 | 2 | 0 | |a Európska únia |
| 610 | 2 | 0 | |a rozvoj regionálny |
| 610 | 2 | 0 | |a politika regionálna |
| 610 | 2 | 0 | |a politika kohézna |
| 610 | 2 | 0 | |a fondy štruktúrne |
| 610 | 2 | 0 | |a Slovensko |
| 100 | 1 | |a Šipikal, Miroslav, 1976- | |